| 000 | 00596nam a2200193 a 4500 | ||
|---|---|---|---|
| 005 | 20210223124137.0 | ||
| 008 | 010531s1998 r 000 0 eng d | ||
| 020 | _a9682456738 | ||
| 035 | _aUPN01000107167 | ||
| 049 | _aCG | ||
| 050 | 4 |
_aT58.64 _bH4.3 1998 |
|
| 100 | 1 |
_aHernández Jiménez, Ricardo _935138 |
|
| 245 | 1 | 0 |
_aAdministración de la función informática : _bfactor AF1 / _cRicardo Hernández Jiménez. |
| 250 | _a6a ed. | ||
| 260 |
_aMéxico : _bTrillas, _c1998. |
||
| 300 | _a363 p. | ||
| 650 | 4 |
_aSISTEMAS DE ALMACENAMIENTO Y RECUPERACION DE INFORMACION _96288 |
|
| 905 | _aLibro | ||
| 999 |
_c81079 _d81079 |
||